000 00578nam a2200193Ia 4500
005 20250508154935.0
008 008 250505s9999 xx 000 0 eng d
037 _aTextual
040 _aFEDL
_beng
_cFEDL
041 _aeng
_2eng
084 _a371.42, KOW
_qFEDL
100 _aKowitz Gerald T.
_9761468
245 0 _aOperating gudance services for the modern school
260 _aNew York, USA
_bHolt, Rinehart and Winston
_c1968
300 _ax,276p.
700 _a Kowitz Norma Giess
_9766431
942 _cTEXL
_h371.42, KOW
999 _c1353000
_d1353000